| 000 | 00634nam a2200181 a 4500 | ||
|---|---|---|---|
| 001 | 000040684 | ||
| 005 | 20201002034313.0 | ||
| 008 | 130905s2005 sp a 000 0 spa d | ||
| 020 | _a9788469528051 | ||
| 040 |
_aDO-SdBNP _bspa _cBNPHU |
||
| 082 |
_axxxx _bxxxx |
||
| 100 | 1 |
_aBonilla Fernández, Eva María _967054 |
|
| 245 | 1 | 0 |
_aGuía métodos anticonceptivos. / _cEva María Bonilla Fernández, Ana María López Jiménez, Carmen Aguilar Cobo. |
| 260 |
_a[España], : _b[s.d.] _fLa regeneración _c2005. |
||
| 300 |
_a57 p. : _bil. ; _c21 cm. |
||
| 700 | 1 |
_aLópez Jiménez, Ana María _967055 |
|
| 700 | 1 |
_aAguilar Cobo, Carmen _967056 |
|
| 999 |
_c40174 _d40174 |
||